Hacia una política de educación sexual para el mejoramiento de la calidad de la educación

Tallennettuna:
Bibliografiset tiedot
Aineistotyyppi: Kirja
Kieli:espanja
Julkaistu: Santiago Revista de Educación 1991
Aiheet:
Tagit: Lisää tagi
Ei tageja, Lisää ensimmäinen tagi!

MARC

LEADER 00000nam a2200000 a 4500
001 UCW6820
003 CL-VaPUC
008 920604e19910000CL |||||||||||||||||spa|d
082 0 4 |a 612.6  |b HAC  |2 21 
245 1 0 |a Hacia una política de educación sexual para el mejoramiento de la calidad de la educación 
300 |a 32 p 
942 |c BK 
945 |d 19920604 00:00:00 
260 |a Santiago  |b Revista de Educación  |c 1991 
650 0 |a Calidad de la educación   |9 307271 
650 0 |a Educación sexual  |9 308005 
583 |a last modification  |c 19920604 00:00:00  |k Rodrigo Vera 
999 |c 219742  |d 219740 
952 |0 0  |1 0  |4 0  |6 612_600000000000000_HAC_1991  |7 0  |8 P  |9 211008  |a BIBEDU  |b BIBEDU  |c BIBEDU_PB  |d 2019-11-15  |i 2792761  |o 612.6 HAC 1991  |p 2792761  |r 2024-01-25  |w 2019-11-15  |y BK  |k EDU 
952 |0 0  |1 0  |4 0  |6 612_600000000000000_HAC_1991  |7 0  |8 P  |9 211009  |a BIBEDU  |b BIBEDU  |c BIBEDU_PB  |d 2019-11-15  |i 1557254  |o 612.6 HAC 1991  |p 1557254  |r 2024-01-25  |w 2019-11-15  |y BK  |k EDU